Концепции современного естествознания: учебник

ग्रंथसूची विवरण
मुख्य लेखक: Суханов А. Д. Александр Дмитриевич
अन्य लेखक: Голубева О. Н. Ольга Наумовна (редактор), Хохлов А. Ф.
सारांश:Учебник представляет собой авторскую реализацию исходной концепции естественнонаучного образования гуманитариев, одобренной коллегией Комитета по высшему образованию России в 1993 г., и написан в соответствии с «Требованиями к обязательному минимуму содержания и уровню подготовки выпускников по циклу общих естественнонаучных и математических дисциплин» Минобразования РФ 2000 г. и примерной программой по дисциплине «Концепции современного ес­тествознания». Текст книги во многом основан на результатах оригинальных научных разработок авторов, подкрепленных разносторонним педагогическим опытом. В основу изложения положены фундаментальные естественнонаучные идеи и модели, а также результаты описания природы в рамках классической и неклассической стратегий мышления. Большое внимание уделено современным физическим концепциям, обеспечивающим целостность естественнонаучной картины мира. Для студентов вузов, обучающихся по гуманитарным направлениям. Может быть использована аспирантами и преподавателями естественнонаучных дисциплин.
भाषा:रूसी
प्रकाशित: Москва, Дрофа, 2006
संस्करण:3-е изд., стер.
श्रृंखला:Высшее образование
विषय:
स्वरूप: MixedMaterials पुस्तक
KOHA link:https://koha.lib.tpu.ru/cgi-bin/koha/opac-detail.pl?biblionumber=145874

MARC

LEADER 00000nam0a2200000 4500
001 145874
005 20231101221203.0
010 |a 5358013008  |b (в пер.)  |b 3000 экз. 
021 |a RU  |b 06-58660  |9 06-2906 
035 |a (RuTPU)RU\TPU\book\158118 
090 |a 145874 
100 |a 20070412d2006 m y0rusy5002 ca 
101 0 |a rus 
102 |a RU 
105 |a y j 001zy 
200 1 |a Концепции современного естествознания  |e учебник  |f А. Д. Суханов, О. Н. Голубева  |g под ред. А. Ф. Хохлова 
205 |a 3-е изд., стер. 
210 |a Москва  |c Дрофа  |d 2006 
215 |a 256 с. 
225 1 |a Высшее образование 
320 |a Библиогр.: с. 255-256. 
330 |a Учебник представляет собой авторскую реализацию исходной концепции естественнонаучного образования гуманитариев, одобренной коллегией Комитета по высшему образованию России в 1993 г., и написан в соответствии с «Требованиями к обязательному минимуму содержания и уровню подготовки выпускников по циклу общих естественнонаучных и математических дисциплин» Минобразования РФ 2000 г. и примерной программой по дисциплине «Концепции современного ес­тествознания». Текст книги во многом основан на результатах оригинальных научных разработок авторов, подкрепленных разносторонним педагогическим опытом. В основу изложения положены фундаментальные естественнонаучные идеи и модели, а также результаты описания природы в рамках классической и неклассической стратегий мышления. Большое внимание уделено современным физическим концепциям, обеспечивающим целостность естественнонаучной картины мира. Для студентов вузов, обучающихся по гуманитарным направлениям. Может быть использована аспирантами и преподавателями естественнонаучных дисциплин. 
451 1 |0 (RuTPU)RU\TPU\book\24729  |y 5-89218-110-3  |t Концепции современного естествознания  |o учебник для вузов  |f А. Д. Суханов, О. Н. Голубева  |c М.  |n Агар  |d 2000  |p 451 с.  |a Суханов, Александр Дмитриевич 
606 1 |a Естествознание  |x Концептуальные основы  |2 stltpush  |3 (RuTPU)RU\TPU\subj\67376  |9 83201 
610 1 |a природа 
610 1 |a естественнонаучное познание 
610 1 |a человек 
610 1 |a трансдисциплинарные идеи 
610 1 |a естественнонаучная картина мира 
610 1 |a пространство-время 
610 1 |a эволюция 
675 |a 50(075.8)  |v 3 
700 1 |a Суханов  |b А. Д.  |g Александр Дмитриевич  |4 070 
701 1 |a Голубева  |b О. Н.  |g Ольга Наумовна  |4 070 
702 1 |a Хохлов  |b А. Ф.  |4 340 
801 1 |a RU  |b 63413507  |c 20081023  |g PSBO 
801 2 |a RU  |b 63413507  |c 20150422  |g PSBO 
900 |a Концепции современного естествознания 
942 |c BK 
952 |a 520000  |b 030000 
959 |a 93/20081022  |d 3  |e 0  |f АНЛ:2  |f ЧЗТЛ:1